000
00245nam a22000977a 4500
999
_c
16230
_d
16230
003
OSt
008
200625b ||||| |||| 00| 0 eng d
100
_a
T Natarajan
_9
4632
245
_a
Mathematics for the engineering course vol-1 Part-1
942
_c
BK